000 01032cab a2200301 4500
001 ABS51326
008 090401t1994 xxu||||| |||| 00| 0 eng d
035 _a(Sirsi) u22025
041 _aeng
100 _aAdair, A. S.
245 _aTaxation allowances and profiles: commercial property development in Dublin
260 _c1994
350 _a0
490 _aJournal of Property Finance
_v5(1) 1994, 9-13(5)
520 _aExamines fiscal measures as a means of stimulating commercial development in inner city areas. Shows that the coupling together of planning and regeneration issues with financial policy stimulates the demand side by providing incentives to owner-occupiers, investors and lessees.
650 _aDUBLIN
650 _aEIRE
650 _aENTERPRISE ZONES
650 _aTAX ALLOWANCES
650 _aTAX INCENTIVES
650 _aURBAN REGENERATION
690 _aTAXATION
690 _aURBAN RENEWAL
700 _aBerry, J.N.
700 _aMcGreal, W.S.
942 _n0
948 _c04/03/1997
999 _c14750
_d14750